Responses for show #4336 - Monday, June 9, 2003

Jim Stalley game 4.

Contestants

[<< previous game]

Ramar Wright, an attorney originally from Aiken, South Carolina

Marilyn Muller, a social worker from Beverly, Massachusetts

Jim Stalley, a crime data specialist from Denver, Colorado (whose 3-day cash winnings total $63,100)

[next game >>]

Jeopardy! Round responses

19th CENTURY NOVELS
FOOTBALL HALL OF FAMERS' TEAMS
FOLLOW THE LEADER
FOOD FOR THOUGHT
(Alex: Like many Americans, we are celebrating...)
100 YEARS OF FORD
"JUNIOR" COLLAGE
    $200 4
"Tom Sawyer"

Jim
    $200 13
Cleveland Browns

Ramar
    $200 18
Colombia

Jim
    $200 11
a blanket

Jim
    $200 26
(Marilyn: What is a Saturn?)

Taurus

JimMarilyn
    $200 1
junior varsity

Jim
    $400 6
"The Brothers Karamazov"

Ramar
    $400 14
Chicago Bears

Ramar
    $3,000 22
Ireland

Jim
    $400 12
Cherry Garcia

Ramar
    $400 27
Harvey Firestone

Jim
    $400 2
Junior Mints

Ramar
    $600 7
Dorian Gray

Jim
    $600 15
Pittsburgh Steelers

Ramar
    $600 23
Democratic Republic of the Congo

Jim
    $600 19
A1

Jim
    $600 28
Econoline

Marilyn
    $600 3
Junior Walker

Triple Stumper
    $800 9
Joseph Conrad

Ramar
    $800 16
Green Bay Packers

Ramar
    $800 24
Afghanistan

Marilyn
    $800 20
Norway

Marilyn
    $800 29
(Jim: What is a Thunderbird?)

Fairlane

Jim
Triple Stumper
    $800 5
the Junior League

Marilyn
    $1000 10
Parma

Marilyn
    $1000 17
Los Angeles Rams

Ramar
    $1000 25
(Alex: With a minute to go & deal with the 100th anniversary of Ford.)

Sweden

Triple Stumper
    $1000 21
Spam

Jim
    $1000 30
Willow Run

Triple Stumper
    $1000 8
Junior Achievement

Triple Stumper

Scores at the first commercial break (after clue 17):

Jim Marilyn Ramar
$1,200 $1,800 $5,000

Scores at the end of the Jeopardy! Round:

Jim Marilyn Ramar
$6,400 $3,800 $5,000

Double Jeopardy! Round responses

LATIN AMERICA
BUSINESS PAIRINGS
20th CENTURY PEOPLE
ARCHITECTS & DESIGNERS
HOLLYWOOD MYSTERIES
"K" RATIONS
    $400 2
Brazil

Jim
    $400 26
Corning

Marilyn
    $400 7
Mother Teresa

Jim
    $400 12
Frank Lloyd Wright

Marilyn
    $400 21
Bob Crane

Jim
    $400 1
(Alex: Yeah, just like me!)

knuckles

Jim
    $800 3
Maracaibo

Jim
    $800 27
Martin

Jim
    $800 8
Albert Sabin

Marilyn
    $800 13
St. Peter's Basilica

Jim
    $800 22
(Alex: With a minute to go.)

Vin Diesel

Jim
    $800 17
Don King

Marilyn
    $1200 4
Managua

Jim
    $1200 28
George Touche

Marilyn
    $1200 9
Andrew Carnegie

Ramar
    $2,000 14
The Netherlands/Holland

Jim
    $1200 23
(Marilyn: Who is Lucille Ball?)

Carol Burnett

Marilyn
Triple Stumper
    $1200 18
Kazakhstan

Ramar
    $1600 5
Olmecs

Marilyn
    $1600 29
[buzzer sounds to end round]

Svend Olufsen

Marilyn
    $1600 10
Diego Rivera

Marilyn
    $1600 15
Kodak Theatre

Triple Stumper
    $1600 24
William Randolph Hearst

Marilyn
    $1600 19
Ayatollah Khomeini

Jim
    $2000 6
Alliance for Progress

Triple Stumper
    $2,500 11
(Marilyn: Who is... don't know.)

Maurice Chevalier

Marilyn
    $2000 16
Barcelona

Triple Stumper
    $2000 25
Brentwood

Jim
    $2000 20
Aram Khachaturian

Jim

Scores at the end of the Double Jeopardy! Round:

Jim Marilyn Ramar
$20,000 $10,100 $7,400

[wagering suggestions for these scores]

Final Jeopardy! Round responses

TIME'S MAN OF THE YEAR
(Alex: Time Magazine, of course.)
RamarWho was Nixon?
$7,200
MarilynWho was Nixon
$9,901
JimWho is Nixon?
$1,000
Richard M. Nixon

Final scores:

Jim Marilyn Ramar
$21,000 $20,001 $14,600
4-day champion: $84,100 2nd place: $2,000 3rd place: $1,000

Game dynamics:

Coryat scores:

Jim Marilyn Ramar
$16,600 $12,600 $7,400
24 R
(including 2 DDs),
1 W
14 R,
3 W
(including 1 DD)
11 R,
0 W

Combined Coryat: $36,600

The J! Archive is created by fans, for fans. The Jeopardy! game show and all elements thereof, including but not limited to copyright and trademark thereto, are the property of Jeopardy Productions, Inc. and are protected under law. This website is not affiliated with, sponsored by, or operated by Jeopardy Productions, Inc. Join the discussion at JBoard.tv.